ბათუმის შოთა რუსთაველის სახელმწიფო უნივერსიტეტის ბიბლიოთეკა

Институт истории, археологии и этнографии имени академика И.А. Джавахишвили АН ГССР / (ბიბ.ჩანაწერი № 61206)

000 -LEADER
fixed length control field 00836nam a22001817a 4500
005 - DATE AND TIME OF LATEST TRANSACTION
control field 20240108143227.0
008 - FIXED-LENGTH DATA ELEMENTS--GENERAL INFORMATION
fixed length control field 240108s1988 ru ||||| |||| 00| 0 rus d
041 ## - LANGUAGE CODE
Language code of text/sound track or separate title rus
080 ## - UNIVERSAL DECIMAL CLASSIFICATION NUMBER
Universal Decimal Classification number 061:94(479.22) Ж-81
100 ## - MAIN ENTRY--PERSONAL NAME
Personal name Жордания, О.К.
9 (RLIN) 20954
245 ## - TITLE STATEMENT
Title Институт истории, археологии и этнографии имени академика И.А. Джавахишвили АН ГССР /
Statement of responsibility, etc. О.К. Жордания; АН ГССР.
264 ## - PRODUCTION, PUBLICATION, DISTRIBUTION, MANUFACTURE, AND COPYRIGHT NOTICE
Place of production, publication, distribution, manufacture Тбилиси :
Name of producer, publisher, distributor, manufacturer Мецниереба,
Date of production, publication, distribution, manufacture, or copyright notice 1988.
300 ## - PHYSICAL DESCRIPTION
Extent 172 с.:
Other physical details 22 см.
653 ## - INDEX TERM--UNCONTROLLED
keyword ისტორიის, არქეოლოგიისა და ეთნოგრაფიის ინსტიტუტი
653 ## - INDEX TERM--UNCONTROLLED
keyword არქეოლოგია
653 ## - INDEX TERM--UNCONTROLLED
keyword ეთნოგრაფია
942 ## - ADDED ENTRY ELEMENTS (KOHA)
Source of classification or shelving scheme
Koha item type წიგნი
ეგზემპლარები
Withdrawn status Lost status Source of classification or shelving scheme Damaged status Not for loan Permanent Location Current Location Shelving location Date acquired Cost, normal purchase price Full call number Barcode Date last seen Copy number Uniform Resource Identifier Price effective from Koha item type Public note
          ბათუმის შოთა რუსთაველის სახელმწიფო უნივერსიტეტის მთავარი ბიბლიოთეკა ბათუმის შოთა რუსთაველის სახელმწიფო უნივერსიტეტის მთავარი ბიბლიოთეკა წიგნსაცავი 2024-01-08 5.00 061:94(479.22) Ж-81 65720 2024-01-08 65720 ბსუ-ს საპატიო დოქტორის გურამ ლორთქიფანიძის საჩუქარი 2024-01-08 წიგნი 5 ლ.